Pharmacology revision booklet for BSC nursing a revision manual

Gespeichert in:
Bibliographische Detailangaben
1. Verfasser: PATHANIA, J.S. Bharti, Rupendra Kumar Sood, Vikas
Format: Buch
Sprache:Englisch
Veröffentlicht: CBS Publishers 2017
Tags: Tag hinzufügen
Keine Tags, Fügen Sie den ersten Tag hinzu!

MARC

LEADER 00000nam a22000007a 4500
008 210923b ||||| |||| 00| 0 eng d
100 |a PATHANIA, J.S.  |a Bharti, Rupendra Kumar  |a Sood, Vikas 
245 |a Pharmacology revision booklet for BSC nursing  |b a revision manual  |c Joginder Singh Pathania, Rupendra Kumar Bharti, Vikas Sood  |g 54p; ill 
260 |b CBS Publishers  |c 2017  |h New Delhi  |i 697118  |i 6977119  |l RM301.P27  |m Pharmacology- Handbooks, Manuals, etc.  |m Nursing-Handbooks, Manuals, etc.  |m Drugs- Handbooks, Manuals, etc. 
942 |a lcc  |c BK  |e Johnson  |f 23/09/21 
952 |0 0  |1 0  |2 lcc  |4 0  |6 RM0301 P27  |7 0  |9 3616  |a HE  |b HOL  |c QZ  |d 2021-09-23  |l 0  |o RM301.P27  |p 2021-67352  |r 2021-09-23 00:00:00  |w 2021-09-23  |y BK 
952 |0 0  |1 0  |2 lcc  |4 0  |6 RM0301 P27  |7 0  |9 3617  |a HOL  |b HOL  |c QZ  |d 2021-09-23  |l 0  |o RM301.P27  |p 2021-67353  |r 2021-09-23 00:00:00  |w 2021-09-23  |y BK 
999 |c 1792  |d 1792